[Event "EYCC 2024 - G16"]
[Site "?"]
[Date "2024.08.26"]
[Round "5.7"]
[White "Alexandri, Vasiliki"]
[Black "Sekova, Olivia"]
[Result "1-0"]
[BlackElo "2073"]
[WhiteElo "1824"]
[LiveChessVersion "1.4.8"]

1. d4 {[%clk 1:30:56]} Nf6 {[%clk 1:30:53]} 2. c4 {[%clk 1:31:20]} c5
{[%clk 1:31:18]} 3. d5 {[%clk 1:31:42]} g6 {[%clk 1:31:39]} 4. Nc3
{[%clk 1:32:05]} Bg7 {[%clk 1:32:04]} 5. Nf3 {[%clk 1:32:20]} d6 {[%clk 1:32:25]}
6. Bf4 {[%clk 1:31:56]} O-O {[%clk 1:31:54]} 7. h3 {[%clk 1:31:29]} a6
{[%clk 1:30:46]} 8. e3 {[%clk 1:27:50]} b5 {[%clk 1:26:28]} 9. cxb5
{[%clk 1:24:33]} axb5 {[%clk 1:25:35]} 10. Bxb5 {[%clk 1:21:49]} Qa5
{[%clk 1:19:23]} 11. O-O {[%clk 1:11:33]} Ne4 {[%clk 1:15:53]} 12. Nxe4
{[%clk 1:08:38]} Qxb5 {[%clk 1:16:15]} 13. Qb3 {[%clk 1:06:15]} Ba6
{[%clk 1:13:24]} 14. Nc3 {[%clk 1:03:15]} Qxb3 {[%clk 1:12:54]} 15. axb3
{[%clk 1:03:44]} Nd7 {[%clk 1:13:10]} 16. Rfd1 {[%clk 1:00:30]} Rfb8
{[%clk 1:11:32]} 17. Ra3 {[%clk 0:54:08]} c4 {[%clk 1:04:36]} 18. bxc4
{[%clk 0:52:42]} Rxb2 {[%clk 0:59:48]} 19. Nb5 {[%clk 0:47:12]} Bb7
{[%clk 0:55:34]} 20. Rxa8+ {[%clk 0:46:41]} Bxa8 {[%clk 0:55:59]} 21. Nfd4
{[%clk 0:35:59]} Bxd4 {[%clk 0:51:15]} 22. Nxd4 {[%clk 0:29:54]} Nb6
{[%clk 0:50:06]} 23. Rc1 {[%clk 0:14:26]} Rb4 {[%clk 0:45:52]} 24. c5
{[%clk 0:13:03]} dxc5 {[%clk 0:46:01]} 25. d6 {[%clk 0:08:18]} exd6
{[%clk 0:30:30]} 26. Bxd6 {[%clk 0:08:46]} Nd7 {[%clk 0:26:26]} 27. Bxc5
{[%clk 0:08:23]} Ra4 {[%clk 0:26:26]} 28. Bd6 {[%clk 0:07:46]} Ra6
{[%clk 0:23:42]} 29. Bf4 {[%clk 0:06:56]} Nb6 {[%clk 0:22:38]} 30. Bh6
{[%clk 0:06:50]} f5 {[%clk 0:22:25]} 31. Rc7 {[%clk 0:06:31]} Nd5
{[%clk 0:22:26]} 32. Rg7+ {[%clk 0:06:20]} Kh8 {[%clk 0:22:50]} 33. Rf7
{[%clk 0:06:20]} Rf6 {[%clk 0:23:03]} 34. Ra7 {[%clk 0:06:23]} 1-0

[Event "EYCC 2024 - G16"]
[Site "?"]
[Date "2024.08.26"]
[Round "5.8"]
[White "Peglau, Charis"]
[Black "Hayrapetyan, Nvard"]
[Result "1-0"]
[BlackElo "1748"]
[WhiteElo "2031"]
[LiveChessVersion "1.4.8"]

1. Nf3 {[%clk 1:30:58]} d5 {[%clk 1:30:39]} 2. g3 {[%clk 1:31:22]} Nf6
{[%clk 1:31:05]} 3. Bg2 {[%clk 1:31:47]} g6 {[%clk 1:31:18]} 4. O-O
{[%clk 1:32:09]} Bg7 {[%clk 1:31:28]} 5. d4 {[%clk 1:32:27]} O-O {[%clk 1:30:40]}
6. c4 {[%clk 1:32:47]} c6 {[%clk 1:29:00]} 7. cxd5 {[%clk 1:33:02]} cxd5
{[%clk 1:22:58]} 8. Nc3 {[%clk 1:33:26]} Nc6 {[%clk 1:21:35]} 9. Ne5
{[%clk 1:33:47]} Nxe5 {[%clk 1:16:48]} 10. dxe5 {[%clk 1:34:11]} Ng4
{[%clk 1:17:05]} 11. Nxd5 {[%clk 1:24:12]} Nxe5 {[%clk 1:11:29]} 12. Bg5
{[%clk 1:24:24]} Nc6 {[%clk 1:10:07]} 13. Nxe7+ {[%clk 1:21:01]} Nxe7
{[%clk 1:09:58]} 14. Qxd8 {[%clk 1:21:26]} Rxd8 {[%clk 1:10:25]} 15. Bxe7
{[%clk 1:21:50]} Re8 {[%clk 1:10:17]} 16. Ba3 {[%clk 1:11:14]} Rxe2
{[%clk 1:07:42]} 17. Bf3 {[%clk 1:07:41]} Rd2 {[%clk 1:04:29]} 18. Rfd1
{[%clk 1:06:47]} Rxd1+ {[%clk 1:04:09]} 19. Rxd1 {[%clk 1:07:15]} Be6
{[%clk 0:50:36]} 20. b3 {[%clk 1:07:24]} Rb8 {[%clk 0:42:46]} 21. Bxb7
{[%clk 1:05:42]} Be5 {[%clk 0:37:32]} 22. Bf3 {[%clk 1:00:41]} Rc8
{[%clk 0:31:17]} 23. Rc1 {[%clk 0:59:31]} Rd8 {[%clk 0:30:50]} 24. Bb4
{[%clk 0:59:06]} Rd3 {[%clk 0:26:20]} 25. Kg2 {[%clk 0:56:53]} h5
{[%clk 0:24:39]} 26. Rd1 {[%clk 0:54:04]} Bh3+ {[%clk 0:20:33]} 27. Kxh3
{[%clk 0:54:25]} Rxf3 {[%clk 0:20:58]} 28. Kg2 {[%clk 0:52:11]} Rf6
{[%clk 0:19:54]} 29. Rd8+ {[%clk 0:41:30]} Kg7 {[%clk 0:19:31]} 30. Bf8+
{[%clk 0:34:46]} Kh7 {[%clk 0:18:59]} 31. Bc5 {[%clk 0:35:05]} a6
{[%clk 0:14:42]} 32. b4 {[%clk 0:28:04]} Re6 {[%clk 0:11:36]} 33. a4
{[%clk 0:27:10]} Bc3 {[%clk 0:10:57]} 34. Rd3 {[%clk 0:26:40]} Bb2
{[%clk 0:09:49]} 35. Rd6 {[%clk 0:26:23]} Ba3 {[%clk 0:09:39]} 36. Rxe6
{[%clk 0:25:56]} fxe6 {[%clk 0:10:08]} 37. Kf3 {[%clk 0:21:33]} Kg7
{[%clk 0:09:01]} 38. Bd4+ {[%clk 0:21:07]} Kf7 {[%clk 0:09:22]} 39. b5
{[%clk 0:21:30]} axb5 {[%clk 0:09:40]} 40. a5 {[%clk 0:21:02]} e5
{[%clk 0:09:15]} 41. a6 {[%clk 0:21:12]} 1-0

[Event "EYCC 2024 - G16"]
[Site "?"]
[Date "2024.08.26"]
[Round "5.9"]
[White "Zapalowska, Wiktoria"]
[Black "Kirtadze, Anastasia"]
[Result "0-1"]
[BlackElo "2029"]
[WhiteElo "1733"]
[LiveChessVersion "1.4.8"]

1. e4 {[%clk 1:30:56]} c5 {[%clk 1:30:52]} 2. Nf3 {[%clk 1:31:17]} e6
{[%clk 1:31:18]} 3. d3 {[%clk 1:31:38]} Nc6 {[%clk 1:26:59]} 4. g3
{[%clk 1:31:34]} Nf6 {[%clk 1:25:26]} 5. Bg2 {[%clk 1:30:29]} Be7
{[%clk 1:18:33]} 6. O-O {[%clk 1:29:32]} d6 {[%clk 1:18:12]} 7. Re1
{[%clk 1:26:22]} e5 {[%clk 1:15:27]} 8. Nbd2 {[%clk 1:21:59]} O-O
{[%clk 1:09:58]} 9. Nf1 {[%clk 1:20:35]} Ne8 {[%clk 1:02:12]} 10. Ne3
{[%clk 1:16:28]} g6 {[%clk 1:00:10]} 11. h4 {[%clk 1:09:00]} Ng7 {[%clk 0:58:09]}
12. Nd5 {[%clk 1:05:31]} f5 {[%clk 0:55:43]} 13. Bh6 {[%clk 0:56:42]} Be6
{[%clk 0:41:55]} 14. Ng5 {[%clk 0:50:39]} Bd7 {[%clk 0:36:33]} 15. c3
{[%clk 0:42:25]} Kh8 {[%clk 0:31:31]} 16. Bf3 {[%clk 0:37:43]} Rb8
{[%clk 0:23:51]} 17. Kg2 {[%clk 0:35:36]} Bxg5 {[%clk 0:19:52]} 18. Bxg5
{[%clk 0:33:53]} Qe8 {[%clk 0:19:49]} 19. Rh1 {[%clk 0:26:39]} h5
{[%clk 0:17:29]} 20. exf5 {[%clk 0:23:25]} Bxf5 {[%clk 0:16:53]} 21. g4
{[%clk 0:19:12]} hxg4 {[%clk 0:15:55]} 22. Be4 {[%clk 0:15:08]} Nh5
{[%clk 0:14:12]} 23. Ne3 {[%clk 0:08:23]} Qd7 {[%clk 0:09:04]} 24. Qd2
{[%clk 0:06:01]} Rf7 {[%clk 0:04:59]} 25. Bd5 {[%clk 0:04:44]} Be6
{[%clk 0:04:36]} 26. Be4 {[%clk 0:04:36]} Kh7 {[%clk 0:03:18]} 27. Kg1
{[%clk 0:03:54]} d5 {[%clk 0:02:46]} 28. Bg2 {[%clk 0:04:12]} Rbf8
{[%clk 0:02:44]} 29. Rf1 {[%clk 0:04:14]} d4 {[%clk 0:02:18]} 30. Nc2
{[%clk 0:03:31]} Bd5 {[%clk 0:02:38]} 31. Bxd5 {[%clk 0:03:24]} Qxd5
{[%clk 0:03:05]} 32. c4 {[%clk 0:03:43]} Qf3 {[%clk 0:00:46]} 33. Ne1
{[%clk 0:04:05]} Qf5 {[%clk 0:01:06]} 34. Bh6 {[%clk 0:03:43]} Re8
{[%clk 0:00:41]} 35. Kh2 {[%clk 0:02:32]} e4 {[%clk 0:00:52]} 36. dxe4
{[%clk 0:02:25]} Qxe4 {[%clk 0:00:46]} 37. Rhg1 {[%clk 0:02:05]} Ne5
{[%clk 0:00:55]} 38. b3 {[%clk 0:02:03]} Ree7 {[%clk 0:00:45]} 39. Bg5
{[%clk 0:01:55]} Re8 {[%clk 0:00:54]} 40. Qd1 {[%clk 0:01:58]} Ref8
{[%clk 0:01:12]} 41. Qd2 {[%clk 0:02:22]} g3+ {[%clk 0:01:06]} 42. Rxg3
{[%clk 0:02:26]} Nxg3 {[%clk 0:01:22]} 43. Kxg3 {[%clk 0:02:54]} Qg4+
{[%clk 0:01:17]} 44. Kh2 {[%clk 0:03:21]} Nf3+ {[%clk 0:01:43]} 45. Nxf3
{[%clk 0:03:46]} Rxf3 {[%clk 0:02:12]} 0-1

[Event "EYCC 2024 - G16"]
[Site "?"]
[Date "2024.08.26"]
[Round "5.10"]
[White "Tirpan, Ceren"]
[Black "Petrenko, Maryna"]
[Result "1-0"]
[BlackElo "2020"]
[WhiteElo "1926"]
[LiveChessVersion "1.4.8"]

1. c4 {[%clk 1:30:57]} c5 {[%clk 1:30:48]} 2. Nc3 {[%clk 1:31:23]} Nc6
{[%clk 1:31:08]} 3. g3 {[%clk 1:31:49]} g6 {[%clk 1:31:21]} 4. Bg2
{[%clk 1:32:15]} e5 {[%clk 1:31:16]} 5. d3 {[%clk 1:32:37]} Bg7 {[%clk 1:31:37]}
6. Nf3 {[%clk 1:33:02]} Nge7 {[%clk 1:31:59]} 7. Nd2 {[%clk 1:33:25]} d6
{[%clk 1:31:41]} 8. Nf1 {[%clk 1:33:49]} Rb8 {[%clk 1:30:14]} 9. Ne3
{[%clk 1:25:55]} a6 {[%clk 1:27:50]} 10. Ned5 {[%clk 1:19:20]} h6
{[%clk 1:21:42]} 11. Rb1 {[%clk 1:18:02]} a5 {[%clk 1:06:32]} 12. a3
{[%clk 1:17:12]} Be6 {[%clk 1:06:02]} 13. O-O {[%clk 1:11:55]} O-O
{[%clk 1:05:51]} 14. Nxe7+ {[%clk 1:02:38]} Qxe7 {[%clk 1:02:40]} 15. Bd2
{[%clk 0:56:40]} Kh7 {[%clk 0:45:41]} 16. Nd5 {[%clk 0:51:31]} Qd7
{[%clk 0:44:10]} 17. b4 {[%clk 0:50:54]} axb4 {[%clk 0:43:35]} 18. axb4
{[%clk 0:51:15]} cxb4 {[%clk 0:37:44]} 19. Nxb4 {[%clk 0:47:08]} Nxb4
{[%clk 0:32:30]} 20. Rxb4 {[%clk 0:44:55]} d5 {[%clk 0:31:22]} 21. cxd5
{[%clk 0:28:35]} Bxd5 {[%clk 0:31:50]} 22. Bxd5 {[%clk 0:28:55]} Qxd5
{[%clk 0:32:13]} 23. Qb1 {[%clk 0:29:21]} Rfc8 {[%clk 0:28:46]} 24. Rb5
{[%clk 0:28:41]} Rc5 {[%clk 0:26:25]} 25. Rxc5 {[%clk 0:28:59]} Qxc5
{[%clk 0:26:54]} 26. Rc1 {[%clk 0:29:21]} Qd5 {[%clk 0:26:17]} 27. Qb6
{[%clk 0:19:36]} Ra8 {[%clk 0:18:09]} 28. Qb4 {[%clk 0:07:23]} Bf8
{[%clk 0:14:52]} 29. Qc4 {[%clk 0:05:55]} Qxc4 {[%clk 0:12:34]} 30. Rxc4
{[%clk 0:06:16]} Ra2 {[%clk 0:08:49]} 31. Bc3 {[%clk 0:06:35]} Bd6
{[%clk 0:08:45]} 32. Kf1 {[%clk 0:06:29]} Rc2 {[%clk 0:06:31]} 33. Ke1
{[%clk 0:05:02]} Rc1+ {[%clk 0:03:30]} 34. Kd2 {[%clk 0:05:26]} Rb1
{[%clk 0:03:20]} 35. Rc8 {[%clk 0:05:19]} Kg7 {[%clk 0:00:41]} 36. f4
{[%clk 0:05:17]} Kf6 {[%clk 0:00:34]} 37. Re8 {[%clk 0:04:49]} Kf5
{[%clk 0:00:39]} 38. fxe5 {[%clk 0:04:31]} Ba3 {[%clk 0:00:53]} 39. Ra8
{[%clk 0:04:25]} Be7 {[%clk 0:01:06]} 40. Rb8 {[%clk 0:00:51]} Kg4
{[%clk 0:00:44]} 41. d4 {[%clk 0:01:06]} Kh3 {[%clk 0:00:35]} 42. d5
{[%clk 0:01:28]} Rb5 {[%clk 0:00:59]} 43. e4 {[%clk 0:01:53]} Bg5+
{[%clk 0:00:59]} 44. Kd3 {[%clk 0:02:18]} Kxh2 {[%clk 0:01:20]} 45. d6
{[%clk 0:02:26]} Kxg3 {[%clk 0:00:52]} 46. Bd2 {[%clk 0:02:46]} Bxd2
{[%clk 0:00:31]} 47. Kxd2 {[%clk 0:03:10]} Rb2+ {[%clk 0:00:34]} 48. Kc3
{[%clk 0:02:22]} Rb1 {[%clk 0:00:50]} 49. d7 {[%clk 0:02:32]} Rc1+
{[%clk 0:00:57]} 50. Kd2 {[%clk 0:02:52]} 1-0

[Event "EYCC 2024 - G16"]
[Site "?"]
[Date "2024.08.26"]
[Round "5.11"]
[White "Zhezhovska, Monika"]
[Black "Mykhailets, Polina"]
[Result "0-1"]
[BlackElo "1907"]
[WhiteElo "2069"]
[LiveChessVersion "1.4.8"]

1. d4 {[%clk 1:30:59]} e6 {[%clk 1:30:45]} 2. c4 {[%clk 1:31:21]} d5
{[%clk 1:31:05]} 3. Nc3 {[%clk 1:31:45]} Be7 {[%clk 1:31:21]} 4. Nf3
{[%clk 1:32:07]} Nf6 {[%clk 1:31:45]} 5. Bg5 {[%clk 1:32:30]} h6 {[%clk 1:32:03]}
6. Bh4 {[%clk 1:32:54]} O-O {[%clk 1:32:26]} 7. e3 {[%clk 1:33:18]} b6
{[%clk 1:32:36]} 8. Bxf6 {[%clk 1:30:57]} Bxf6 {[%clk 1:32:57]} 9. Qb3
{[%clk 1:31:18]} Bb7 {[%clk 1:28:23]} 10. cxd5 {[%clk 1:30:29]} exd5
{[%clk 1:28:42]} 11. Bd3 {[%clk 1:30:48]} c6 {[%clk 1:27:25]} 12. O-O
{[%clk 1:29:46]} Nd7 {[%clk 1:25:49]} 13. Rac1 {[%clk 1:28:27]} Be7
{[%clk 1:24:09]} 14. Rfd1 {[%clk 1:23:37]} Bd6 {[%clk 1:21:14]} 15. Bb1
{[%clk 1:17:38]} Nf6 {[%clk 1:17:35]} 16. a3 {[%clk 0:53:23]} Re8
{[%clk 1:16:07]} 17. Ne2 {[%clk 0:52:12]} Qe7 {[%clk 1:04:21]} 18. Ng3
{[%clk 0:50:16]} g6 {[%clk 1:03:05]} 19. Qd3 {[%clk 0:42:28]} c5 {[%clk 0:52:03]}
20. dxc5 {[%clk 0:34:29]} bxc5 {[%clk 0:52:10]} 21. Ba2 {[%clk 0:33:48]} Rad8
{[%clk 0:49:28]} 22. Ne2 {[%clk 0:28:15]} Kg7 {[%clk 0:44:22]} 23. Re1
{[%clk 0:25:20]} Ne4 {[%clk 0:34:29]} 24. Rcd1 {[%clk 0:20:01]} Ng5
{[%clk 0:22:33]} 25. Nxg5 {[%clk 0:15:47]} hxg5 {[%clk 0:21:50]} 26. Ng3
{[%clk 0:14:43]} g4 {[%clk 0:18:35]} 27. Qb5 {[%clk 0:08:27]} Rh8
{[%clk 0:17:18]} 28. Nf1 {[%clk 0:06:01]} Rh5 {[%clk 0:11:23]} 29. g3
{[%clk 0:05:17]} Ba8 {[%clk 0:08:35]} 30. Qd3 {[%clk 0:04:35]} Qf6
{[%clk 0:00:38]} 31. Qe2 {[%clk 0:03:19]} d4 {[%clk 0:00:38]} 32. e4
{[%clk 0:03:11]} Qg5 {[%clk 0:00:39]} 33. Qc4 {[%clk 0:02:42]} Rd7
{[%clk 0:00:38]} 34. b4 {[%clk 0:02:19]} Qe5 {[%clk 0:00:42]} 35. bxc5
{[%clk 0:01:59]} Bxc5 {[%clk 0:01:01]} 36. Qe2 {[%clk 0:02:26]} Rg5
{[%clk 0:00:38]} 37. Nd2 {[%clk 0:01:51]} d3 {[%clk 0:00:49]} 38. Qf1
{[%clk 0:02:17]} Rh5 {[%clk 0:00:46]} 39. Bc4 {[%clk 0:01:19]} Qd4
{[%clk 0:00:44]} 40. Re3 {[%clk 0:01:19]} Qb2 {[%clk 0:00:38]} 41. Rxd3
{[%clk 0:01:08]} Re7 {[%clk 0:00:41]} 42. Bd5 {[%clk 0:01:05]} Re8
{[%clk 0:00:49]} 43. Nc4 {[%clk 0:00:51]} Qf6 {[%clk 0:00:58]} 44. Bxa8
{[%clk 0:00:49]} Rxa8 {[%clk 0:01:26]} 45. Rd5 {[%clk 0:01:13]} Rxh2
{[%clk 0:00:58]} 46. Kxh2 {[%clk 0:00:41]} Rh8+ {[%clk 0:00:58]} 47. Kg1
{[%clk 0:01:10]} Qf3 {[%clk 0:00:39]} 48. Qg2 {[%clk 0:01:20]} Bxf2+
{[%clk 0:01:02]} 49. Kf1 {[%clk 0:01:47]} Rh1+ {[%clk 0:01:02]} 50. Qxh1
{[%clk 0:02:16]} Qxh1+ {[%clk 0:01:30]} 51. Kxf2 {[%clk 0:02:45]} Qf3+
{[%clk 0:01:49]} 52. Kg1 {[%clk 0:02:44]} Qxg3+ {[%clk 0:02:17]} 53. Kh1
{[%clk 0:02:57]} Qf3+ {[%clk 0:02:08]} 54. Kg1 {[%clk 0:03:22]} g3
{[%clk 0:00:52]} 55. R1d2 {[%clk 0:03:38]} Qxe4 {[%clk 0:01:09]} 56. R5d4
{[%clk 0:03:43]} Qf3 {[%clk 0:00:45]} 57. R4d3 {[%clk 0:03:22]} Qf4
{[%clk 0:00:37]} 58. Nd6 {[%clk 0:02:27]} f5 {[%clk 0:00:44]} 59. Kg2
{[%clk 0:01:55]} Qg5 {[%clk 0:00:58]} 60. Ne8+ {[%clk 0:01:18]} Kf7
{[%clk 0:00:52]} 61. Rd8 {[%clk 0:01:21]} Qh4 {[%clk 0:00:44]} 62. R2d7+
{[%clk 0:01:19]} Ke6 {[%clk 0:01:09]} 63. Ng7+ {[%clk 0:01:31]} Kf6
{[%clk 0:01:14]} 64. Ne8+ {[%clk 0:00:47]} Kg5 {[%clk 0:01:29]} 65. Rd2
{[%clk 0:00:41]} Qh2+ {[%clk 0:01:11]} 66. Kf3 {[%clk 0:01:01]} Qg1
{[%clk 0:01:24]} 67. R8d5 {[%clk 0:00:55]} Kh4 {[%clk 0:01:11]} 68. R5d4+
{[%clk 0:00:32]} Kh3 {[%clk 0:01:35]} 69. Rd7 {[%clk 0:00:58]} Qf1+
{[%clk 0:01:34]} 70. Ke3 {[%clk 0:01:27]} Qe1+ {[%clk 0:01:52]} 71. Kf3
{[%clk 0:01:51]} Qe4# 0-1

[Event "EYCC 2024 - G16"]
[Site "?"]
[Date "2024.08.26"]
[Round "5.12"]
[White "Zadrapova, Amalie"]
[Black "Maria, Lia-Alexandra"]
[Result "0-1"]
[BlackElo "2046"]
[WhiteElo "1894"]
[LiveChessVersion "1.4.8"]

1. e4 {[%clk 1:30:59]} c6 {[%clk 1:30:52]} 2. d4 {[%clk 1:31:21]} d5
{[%clk 1:31:17]} 3. exd5 {[%clk 1:31:45]} cxd5 {[%clk 1:31:41]} 4. c4
{[%clk 1:31:40]} Nf6 {[%clk 1:31:17]} 5. Nc3 {[%clk 1:32:00]} e6 {[%clk 1:31:36]}
6. c5 {[%clk 1:30:06]} b6 {[%clk 1:21:41]} 7. b4 {[%clk 1:26:25]} Be7
{[%clk 1:16:46]} 8. Bf4 {[%clk 1:17:25]} O-O {[%clk 1:15:52]} 9. h3
{[%clk 1:15:32]} a5 {[%clk 1:15:41]} 10. a3 {[%clk 1:12:31]} axb4
{[%clk 1:12:58]} 11. axb4 {[%clk 1:12:44]} Rxa1 {[%clk 1:13:18]} 12. Qxa1
{[%clk 1:13:07]} Nc6 {[%clk 1:13:28]} 13. Na2 {[%clk 1:12:59]} bxc5
{[%clk 1:13:36]} 14. bxc5 {[%clk 1:11:17]} Ne4 {[%clk 1:07:39]} 15. Nc1
{[%clk 0:59:18]} Nxd4 {[%clk 1:03:06]} 16. Qxd4 {[%clk 0:52:57]} Bxc5
{[%clk 0:56:03]} 17. Qb2 {[%clk 0:52:36]} Qa5+ {[%clk 0:55:48]} 18. Ke2
{[%clk 0:42:36]} Ba6+ {[%clk 0:55:38]} 19. Nd3 {[%clk 0:40:06]} Bxd3+
{[%clk 0:50:22]} 20. Kxd3 {[%clk 0:40:17]} Qa6+ {[%clk 0:46:30]} 0-1

[Event "EYCC 2024 - G16"]
[Site "?"]
[Date "2024.08.26"]
[Round "5.13"]
[White "Rybackova, Lucie"]
[Black "Nuriyeva, Nurtan"]
[Result "1/2-1/2"]
[BlackElo "1891"]
[WhiteElo "2024"]
[LiveChessVersion "1.4.8"]

1. d4 {[%clk 1:30:52]} d5 {[%clk 1:30:50]} 2. Nf3 {[%clk 1:31:10]} Nf6
{[%clk 1:31:06]} 3. g3 {[%clk 1:31:31]} e6 {[%clk 1:31:10]} 4. Bg2
{[%clk 1:31:45]} Be7 {[%clk 1:31:33]} 5. O-O {[%clk 1:32:05]} O-O
{[%clk 1:31:58]} 6. c4 {[%clk 1:32:25]} dxc4 {[%clk 1:32:08]} 7. Qc2
{[%clk 1:32:43]} a6 {[%clk 1:31:18]} 8. a4 {[%clk 1:33:03]} b6 {[%clk 1:26:44]}
9. Qxc4 {[%clk 1:20:46]} Bb7 {[%clk 1:26:49]} 10. Bg5 {[%clk 1:17:28]} Nbd7
{[%clk 1:26:09]} 11. Nc3 {[%clk 0:55:26]} h6 {[%clk 1:23:08]} 12. Bxf6
{[%clk 0:54:54]} Bxf6 {[%clk 1:21:29]} 13. e4 {[%clk 0:46:19]} c5
{[%clk 1:19:15]} 14. d5 {[%clk 0:45:17]} Bxc3 {[%clk 1:13:46]} 15. Qxc3
{[%clk 0:41:12]} exd5 {[%clk 1:13:54]} 16. exd5 {[%clk 0:41:31]} Bxd5
{[%clk 1:13:36]} 17. Rfd1 {[%clk 0:40:25]} Bxf3 {[%clk 1:12:05]} 18. Bxf3
{[%clk 0:38:37]} Ra7 {[%clk 1:10:23]} 19. Rd6 {[%clk 0:36:19]} Qe7
{[%clk 1:10:24]} 20. Rad1 {[%clk 0:36:01]} Rb8 {[%clk 1:10:25]} 21. R6d5
{[%clk 0:20:49]} a5 {[%clk 1:03:32]} 22. R1d3 {[%clk 0:16:30]} Nf8
{[%clk 0:51:44]} 23. Re3 {[%clk 0:13:55]} Qf6 {[%clk 0:48:45]} 24. Qc2
{[%clk 0:09:31]} Ne6 {[%clk 0:48:49]} 25. Be2 {[%clk 0:08:11]} Nd4
{[%clk 0:46:09]} 26. Qe4 {[%clk 0:08:13]} g6 {[%clk 0:41:39]} 27. h4
{[%clk 0:06:26]} Nf5 {[%clk 0:40:56]} 28. Qf4 {[%clk 0:04:02]} Rd8
{[%clk 0:40:28]} 29. Rde5 {[%clk 0:03:38]} Kg7 {[%clk 0:40:30]} 30. Re8
{[%clk 0:01:06]} Rxe8 {[%clk 0:40:03]} 31. Rxe8 {[%clk 0:01:34]} Re7
{[%clk 0:40:18]} 32. Ra8 {[%clk 0:01:05]} Qe5 {[%clk 0:33:14]} 33. Qxe5+
{[%clk 0:01:08]} Rxe5 {[%clk 0:33:42]} 34. Kf1 {[%clk 0:00:56]} Nd4
{[%clk 0:28:29]} 35. Bd3 {[%clk 0:00:43]} g5 {[%clk 0:22:12]} 36. hxg5
{[%clk 0:01:03]} hxg5 {[%clk 0:22:20]} 37. Rb8 {[%clk 0:01:12]} Re6
{[%clk 0:22:34]} 38. Rb7 {[%clk 0:01:01]} Rd6 {[%clk 0:22:41]} 39. Bc4
{[%clk 0:01:26]} Ne6 {[%clk 0:22:59]} 40. Ke2 {[%clk 0:01:22]} Nd8
{[%clk 0:23:21]} 41. Ra7 {[%clk 0:00:45]} Kg6 {[%clk 0:22:49]} 42. b3
{[%clk 0:00:40]} Kg7 {[%clk 0:22:21]} 43. Rc7 {[%clk 0:00:51]} Rf6
{[%clk 0:20:33]} 44. Bd5 {[%clk 0:00:35]} Rd6 {[%clk 0:20:11]} 45. Bc4
{[%clk 0:00:57]} Ne6 {[%clk 0:19:16]} 46. Rb7 {[%clk 0:01:07]} g4
{[%clk 0:17:15]} 47. Ke3 {[%clk 0:00:54]} Kg6 {[%clk 0:17:24]} 48. Re7
{[%clk 0:00:38]} Ng5 {[%clk 0:17:28]} 49. Be2 {[%clk 0:00:50]} f5
{[%clk 0:16:40]} 50. Bd3 {[%clk 0:00:53]} Kf6 {[%clk 0:14:43]} 51. Re8
{[%clk 0:01:09]} Re6+ {[%clk 0:11:12]} 52. Rxe6+ {[%clk 0:01:28]} Kxe6
{[%clk 0:11:15]} 53. Kf4 {[%clk 0:00:44]} Nh3+ {[%clk 0:11:44]} 54. Ke3
{[%clk 0:01:13]} Ke5 {[%clk 0:12:03]} 55. Bc4 {[%clk 0:01:13]} Ng5
{[%clk 0:12:19]} 56. Bd3 {[%clk 0:00:55]} Ne6 {[%clk 0:12:16]} 57. Bc4
{[%clk 0:01:05]} Nd4 {[%clk 0:12:38]} 58. Bf7 {[%clk 0:00:58]} Nc2+
{[%clk 0:12:56]} 59. Kd2 {[%clk 0:00:44]} Nd4 {[%clk 0:12:34]} 60. Ke3
{[%clk 0:01:04]} b5 {[%clk 0:11:38]} 61. axb5 {[%clk 0:01:18]} Nxb5
{[%clk 0:12:03]} 62. Bc4 {[%clk 0:01:36]} Nd6 {[%clk 0:12:15]} 63. Bg8
{[%clk 0:01:46]} Nc8 {[%clk 0:12:34]} 64. Bc4 {[%clk 0:01:30]} Nb6
{[%clk 0:11:39]} 65. Bb5 {[%clk 0:00:50]} Nc8 {[%clk 0:09:51]} 66. Bc4
{[%clk 0:01:10]} Ne7 {[%clk 0:10:02]} 67. Bf7 {[%clk 0:01:07]} Nd5+
{[%clk 0:10:23]} 68. Kd3 {[%clk 0:00:55]} Nb6 {[%clk 0:10:50]} 69. Be8
{[%clk 0:01:01]} Kd6 {[%clk 0:10:22]} 70. Bg6 {[%clk 0:00:57]} Ke5
{[%clk 0:10:44]} 71. Be8 {[%clk 0:01:21]} Nc8 {[%clk 0:11:06]} 72. Bf7
{[%clk 0:00:36]} Nd6 {[%clk 0:11:30]} 73. Bg8 {[%clk 0:00:47]} f4
{[%clk 0:11:39]} 74. gxf4+ {[%clk 0:01:15]} Kxf4 {[%clk 0:12:00]} 75. Bd5
{[%clk 0:01:39]} Ke5 {[%clk 0:10:55]} 76. Bc6 {[%clk 0:01:08]} Kf4
{[%clk 0:10:56]} 77. Bd5 {[%clk 0:01:24]} g3 {[%clk 0:11:01]} 78. fxg3+
{[%clk 0:01:50]} Kxg3 {[%clk 0:11:27]} 79. Bc6 {[%clk 0:01:44]} Kf4
{[%clk 0:11:45]} 80. Bd5 {[%clk 0:01:53]} Ke5 {[%clk 0:12:08]} 81. Bg8
{[%clk 0:01:55]} Kf6 {[%clk 0:12:09]} 82. Bd5 {[%clk 0:02:17]} Ke7
{[%clk 0:12:34]} 83. Kc3 {[%clk 0:02:33]} Kd8 {[%clk 0:12:58]} 84. Kd3
{[%clk 0:02:46]} Kc7 {[%clk 0:13:23]} 85. Be6 {[%clk 0:02:12]} Kb6
{[%clk 0:13:48]} 86. Bd7 {[%clk 0:02:18]} Nf7 {[%clk 0:14:04]} 87. Be8
{[%clk 0:02:08]} Ne5+ {[%clk 0:14:30]} 88. Kc3 {[%clk 0:02:22]} Kc7
{[%clk 0:14:51]} 89. Bb5 {[%clk 0:02:12]} Kd6 {[%clk 0:15:16]} 90. Bf1
{[%clk 0:02:30]} Ng4 {[%clk 0:15:37]} 91. Be2 {[%clk 0:02:07]} Ne3
{[%clk 0:15:58]} 92. Kd3 {[%clk 0:01:40]} Nf5 {[%clk 0:16:19]} 93. Kc4
{[%clk 0:01:13]} Kc6 {[%clk 0:16:46]} 94. Bf3+ {[%clk 0:01:23]} Kb6
{[%clk 0:17:12]} 95. Be2 {[%clk 0:01:20]} Ne3+ {[%clk 0:17:28]} 96. Kd3
{[%clk 0:01:24]} Nf5 {[%clk 0:17:46]} 97. Kc4 {[%clk 0:01:36]} Nd6+
{[%clk 0:18:12]} 98. Kc3 {[%clk 0:01:38]} Kc7 {[%clk 0:18:38]} 99. Bf3
{[%clk 0:01:29]} c4 {[%clk 0:18:48]} 100. bxc4 {[%clk 0:01:45]} Nxc4
{[%clk 0:19:15]} 101. Kxc4 {[%clk 0:02:04]} 1/2-1/2